Minister financií mal pravdu...

Upozornenie na časť týkajúcu sa oslobodenia od dane v novele zákona o daniach z príjmov (č. 126/1996 Z.z.). Pochybnosti o potrebe prijatia novely. Jej praktické uplatnenie pri účtovaní.

Salvato in:
Dettagli Bibliografici
Autore principale: Kardoš, Štefan
Natura: Capitolo di libro
Lingua:slovacco
Soggetti:
Tags: Aggiungi Tag
Nessun Tag, puoi essere il primo ad aggiungerne!!

MARC

LEADER 00000naa a2200000 4500
001 r022445
005 20230801104554.6
041 0 |a slo 
044 |a SK 
245 1 0 |a Minister financií mal pravdu...  |c Š. Kardoš 
520 |a Upozornenie na časť týkajúcu sa oslobodenia od dane v novele zákona o daniach z príjmov (č. 126/1996 Z.z.). Pochybnosti o potrebe prijatia novely. Jej praktické uplatnenie pri účtovaní. 
610 2 0 |a Slovensko 
610 2 0 |a 1996 
610 2 0 |a dane z príjmov 
610 2 0 |a zákony 
610 2 0 |a novelizácia 
610 2 0 |a FNM SR Bratislava 
610 2 0 |a oslobodenie od daní 
610 2 0 |a účtovanie 
100 1 |a Kardoš, Štefan